Movies Quiz

Random Movies or Pixar Quiz

Great Job, Disney Quiz Stats

 Plays Quiz Updated Jan 8, 2019

Challenge
Share
Tweet
Score 0/30 Timer 08:00
35 Plays Today
% Correct
The Lion King
98.3%
The Little Mermaid
98%
Toy Story 2
97.9%
Cinderella
97.3%
Aladdin
97%
One Hundred and One Dalmatians
96.9%
Toy Story
96.8%
Snow White and the Seven Dwarfs
96.6%
Finding Nemo
96.6%
Toy Story 3
96%
Pinocchio
95.8%
Dumbo
95.6%
Up
95.2%
Winnie the Pooh
94.9%
A Bug's Life
94.8%
% Correct
Beauty and the Beast
94.5%
Monsters, Inc.
94%
WALL·E
93.7%
Finding Dory
93.3%
Sleeping Beauty
91.7%
The Incredibles
91.6%
Incredibles 2
91.1%
Fantasia
89%
Ratatouille
88.1%
Inside Out
86.6%
Moana
83.4%
Zootopia
76.2%
Coco
71.7%
The Many Adventures of Winnie the Pooh
37.5%
The Adventures of Ichabod and Mr. Toad
19.6%

You're not logged in!

Compare scores with friends on all Sporcle quizzes.
OR
Log In

You Might Also Like...

Show Comments

Extras

Top Quizzes Today


Score Distribution

Your Account Isn't Verified!

In order to create a playlist on Sporcle, you need to verify the email address you used during registration. Go to your Sporcle Settings to finish the process.

Report this User

Report this user for behavior that violates our Community Guidelines.

Details: